MARC

LEADER 00000naa0a2200000 4500
001 668512
005 20250303114515.0
035 |a (RuTPU)RU\TPU\network\39739 
035 |a RU\TPU\network\39666 
090 |a 668512 
100 |a 20221221d2022 k||y0rusy50 ba 
101 0 |a eng 
102 |a CH 
135 |a drcn ---uucaa 
181 0 |a i  
182 0 |a b 
200 1 |a Interaction between Droplets and Particles as Oil–Water Slurry Components  |f A. G. Islamova, P. P. Tkachenko, K. A. Pavlova, P. A. Strizhak 
203 |a Text  |c electronic 
300 |a Title screen 
320 |a [References: 75 tit.] 
461 |t Energies 
463 |t Vol. 15, iss. 21  |v [8288, 26 p.]  |d 2022 
610 1 |a электронный ресурс 
610 1 |a труды учёных ТПУ 
610 1 |a droplet–particle collisions 
610 1 |a interaction regimes 
610 1 |a oil 
610 1 |a water 
610 1 |a coal 
610 1 |a slurry fuels 
700 1 |a Islamova  |b A. G.  |c specialist in the field of thermal engineering  |c Engineer of Tomsk Polytechnic University  |f 1993-  |g Anastasiya Gomilievna  |3 (RuTPU)RU\TPU\pers\37306 
701 1 |a Tkachenko  |b P. P.  |c specialist in the field of heat and power engineering  |c Research Engineer of Tomsk Polytechnic University  |f 1996-  |g Pavel Petrovich  |3 (RuTPU)RU\TPU\pers\46849 
701 1 |a Pavlova  |b K. A.  |g Kristina Andreevna 
701 1 |a Strizhak  |b P. A.  |c Specialist in the field of heat power energy  |c Doctor of Physical and Mathematical Sciences (DSc), Professor of Tomsk Polytechnic University (TPU)  |f 1985-  |g Pavel Alexandrovich  |3 (RuTPU)RU\TPU\pers\30871  |9 15117 
712 0 2 |a Национальный исследовательский Томский политехнический университет  |b Инженерная школа энергетики  |b Научно-образовательный центр И. Н. Бутакова (НОЦ И. Н. Бутакова)  |3 (RuTPU)RU\TPU\col\23504 
712 0 2 |a Национальный исследовательский Томский политехнический университет  |b Исследовательская школа физики высокоэнергетических процессов  |c (2017- )  |3 (RuTPU)RU\TPU\col\23551 
801 0 |a RU  |b 63413507  |c 20230320  |g RCR 
856 4 |u http://earchive.tpu.ru/handle/11683/74817 
856 4 |u https://doi.org/10.3390/en15218288 
942 |c BK